000 00748nam a2200229 a 4500
005 20210223130537.0
008 080721s1976 mx r 000 0 spa d
020 _a9681200640
035 _aUPN01000157807
049 _aUNE
080 _a327 (72) OJE No.17
100 1 _aOjeda, Mario
_929769
245 0 _aAlcances y límites de la política exterior de México /
_cpor Mario Ojeda.
260 _aMéxico :
_bEl Colegio de México,
_c1976.
300 _a220 p. :
_bfots.
440 0 _aCentro de Estudios Internacionales ;
_v17
500 _aIncluye bibliografía
690 _aPolitica exterior - Mexico
690 _aMexico - Politica exterior
710 2 _aEl Colegio de México.
_bCentro de Estudios Internacionales
905 _aUNESCO
999 _c129921
_d129921